[Event "Open"]
[Site "Cappelle la Grande FRA"]
[Date "2003.02.26"]
[Round "6"]
[White "Belov,Vl"]
[Black "Janev,E"]
[Result "1-0"]
[WhiteElo "2540"]
[BlackElo "2465"]
[EventDate "2003.02.22"]

1. d4 g6 2. e4 Nf6 3. Nc3 d6 4. Be3 Bg7 5. Qd2 Ng4 6. Bg5 h6 7. Bh4 c6 8.
h3 Nf6 9. f4 b5 10. Bd3 b4 11. Nce2 a5 12. a3 Na6 13. Nf3 O-O 14. O-O d5
15. Ng3 dxe4 16. Nxe4 Bb7 17. Rad1 Qc7 18. Nxf6+ exf6 19. Bc4 Qd6 20. Qd3
Kh7 21. f5 g5 22. Bf2 Nc7 23. Nd2 Nd5 24. Ne4 Qd8 25. Bg3 Re8 26. Rfe1 Bf8
27. h4 Kg8 28. Rd2 Qb6 29. Qf3 Rad8 30. Kh1 Re7 31. Bf2 Red7 32. Ba2 Rc8
33. c4 bxc3 34. bxc3 Qd8 35. c4 Nb6 36. Rb1 Na8 37. Qh5 Ba6 38. c5 Nc7 39.
hxg5 hxg5 40. Rb3 Nd5 41. Rh3 Bg7 42. Bg3 Qe7 43. Bd6 Rxd6 44. Nxd6 g4 45.
Bxd5 cxd5 46. Rh4 Qe1+ 47. Kh2 g3+ 48. Kh3 Rc7 49. Rd1 1-0

[Event "Open"]
[Site "Cappelle la Grande FRA"]
[Date "2003.02.26"]
[Round "6"]
[White "Efimov,I"]
[Black "Vorobiov,E"]
[Result "1/2-1/2"]
[WhiteElo "2480"]
[BlackElo "2541"]
[EventDate "2003.02.22"]

1. d4 Nf6 2. c4 g6 3. g3 Bg7 4. Bg2 O-O 5. Nc3 d6 6. Nf3 Nbd7 7. O-O e5 8.
h3 exd4 9. Nxd4 Nb6 10. b3 c5 11. Nc2 Be6 12. e4 Qd7 13. h4 Ng4 14. Bd2 f5
15. Rc1 Rae8 16. Ne3 Bd4 1/2-1/2

[Event "Open"]
[Site "Cappelle la Grande FRA"]
[Date "2003.02.26"]
[Round "6"]
[White "Grabarczyk,M"]
[Black "Kengis,E"]
[Result "1/2-1/2"]
[WhiteElo "2506"]
[BlackElo "2570"]
[EventDate "2003.02.22"]

1. d4 e6 2. Nf3 c5 3. c4 cxd4 4. Nxd4 a6 5. e3 Nf6 6. Be2 Qc7 7. O-O Be7 8.
b3 O-O 9. Bb2 d6 10. Nc3 b6 11. Rc1 Bb7 1/2-1/2

[Event "Open"]
[Site "Cappelle la Grande FRA"]
[Date "2003.02.26"]
[Round "6"]
[White "Jakubowski,K"]
[Black "Timoshenko,G"]
[Result "1-0"]
[WhiteElo "2473"]
[BlackElo "2539"]
[EventDate "2003.02.22"]

1. e4 c5 2. Nf3 Nc6 3. d4 cxd4 4. Nxd4 Nf6 5. Nc3 e6 6. Ndb5 d6 7. Bf4 e5
8. Bg5 a6 9. Na3 b5 10. Nd5 Be7 11. Bxf6 Bxf6 12. c3 Bb7 13. Be2 O-O 14.
O-O Ne7 15. Nxf6+ gxf6 16. Bf3 d5 17. exd5 Bxd5 18. Nc2 e4 19. Be2 Qb6 20.
Qc1 Rfe8 21. Rd1 f5 22. a4 bxa4 23. Rxa4 a5 24. Rad4 Bb3 25. Bc4 Bxc4 26.
Rxc4 Ng6 27. Ne3 Ne5 28. Rcd4 Nd3 29. Qd2 Qg6 30. Nd5 Rab8 31. Rxd3 exd3
32. Qxd3 Kh8 33. b4 axb4 34. cxb4 Qe6 35. g3 Red8 36. Qc3+ f6 37. Re1 Qxe1+
38. Qxe1 Rxd5 39. Qe7 Rdb5 40. Qxf6+ Kg8 41. h4 R8b6 42. Qd8+ Kg7 43. Qe7+
Kg8 44. Kg2 h6 45. Qd8+ Kf7 46. Qd7+ Kf6 47. f4 Rb7 48. Qd6+ Kg7 49. Qe6
R7b6 50. Qe7+ Kg8 51. h5 Rd5 52. Qc7 Rdb5 53. Kh3 Rb7 54. Qd6 R7b6 55. Qd7
Kf8 56. Kg2 Kg8 57. Kf2 Kf8 58. Ke2 Kg8 59. Kd3 Rxb4 60. Qxf5 Rb3+ 61. Ke2
R3b5 62. Qc8+ Kg7 63. Qc7+ Kg8 64. Kf3 Rb3+ 65. Kg4 Rb1 66. Qd8+ Kg7 67.
Qd4+ Rf6 68. Qd7+ Rf7 69. Qd3 Rb6 70. Qd4+ Rbf6 71. Kh4 Kg8 72. Qd8+ Kh7
73. Qd3+ Kg8 74. Qe4 Kh8 75. Qe5 Kg8 76. Kg4 Rg7+ 77. Kf3 Rgf7 78. Ke4 Ra6
79. Qd5 Kg7 80. Qd4+ Kg8 81. f5 Rff6 82. g4 Rfd6 83. Qc4+ Kg7 84. Kf4 Rdc6
85. Qd4+ Kg8 86. Qb4 Rcb6 87. Qc4+ Kg7 88. Qd4+ Kg8 89. Qd5+ Kg7 90. Ke5
Rc6 91. Qd7+ Kg8 92. Qe8+ Kg7 93. Qe7+ Kg8 94. Qd8+ Kf7 95. Ke4 1-0

[Event "Open"]
[Site "Cappelle la Grande FRA"]
[Date "2003.02.26"]
[Round "6"]
[White "Kuzmin,G"]
[Black "Burmakin,V"]
[Result "1/2-1/2"]
[WhiteElo "2495"]
[BlackElo "2575"]
[EventDate "2003.02.22"]

1. e4 c6 2. d4 d5 3. e5 Bf5 4. Nf3 e6 5. a3 Nd7 6. Be2 Ne7 7. O-O Bg4 8.
Nbd2 c5 9. c4 cxd4 10. Nxd4 Bxe2 11. Qxe2 a6 12. b4 dxc4 13. Nxc4 Nd5 14.
Bb2 N7b6 15. Nxb6 Qxb6 16. Rfd1 Be7 17. Rac1 O-O 18. Nb3 Rfc8 19. g3 Qd8
20. Na5 Rxc1 21. Rxc1 Rc8 22. Rc4 Qd7 23. Bd4 h6 24. h4 Bd8 25. Rxc8 Qxc8
26. Nc4 Qc6 27. Qd3 Bc7 28. Bb2 b5 1/2-1/2

[Event "Open"]
[Site "Cappelle la Grande FRA"]
[Date "2003.02.26"]
[Round "6"]
[White "Murey,J"]
[Black "Chernyshov,K"]
[Result "1/2-1/2"]
[WhiteElo "2486"]
[BlackElo "2561"]
[EventDate "2003.02.22"]

1. e4 e6 2. d4 d5 3. Nc3 dxe4 4. Nxe4 Be7 5. Nf3 Nf6 6. Bd3 Nxe4 7. Bxe4
Nd7 8. c3 Nf6 9. Bc2 c5 10. Ba4+ Bd7 11. Ne5 O-O 12. Nxd7 Nxd7 13. O-O Nb6
14. dxc5 Nxa4 15. Qxa4 Bxc5 16. Qe4 Qe7 17. Be3 Bxe3 18. Qxe3 Rfd8 19. Rfd1
a6 20. Qf3 g6 21. g3 e5 22. Rxd8+ Rxd8 23. Rd1 Rd7 24. h4 f5 25. Qe2 e4 26.
Qc4+ Kg7 27. Rd5 Rxd5 28. Qxd5 Kf6 29. Qd1 Ke5 1/2-1/2

[Event "Open"]
[Site "Cappelle la Grande FRA"]
[Date "2003.02.26"]
[Round "6"]
[White "Vysochin,S"]
[Black "Shaw,J"]
[Result "1/2-1/2"]
[WhiteElo "2554"]
[BlackElo "2470"]
[EventDate "2003.02.22"]

1. e4 c5 2. c3 d5 3. exd5 Qxd5 4. d4 Nc6 5. Nf3 Bg4 6. Be2 cxd4 7. cxd4 e6
8. Nc3 Qa5 9. h3 Bh5 10. d5 exd5 11. Nd4 Bxe2 12. Qxe2+ Be7 13. Nxc6 bxc6
14. O-O Rd8 15. Bd2 d4 16. Ne4 Qb5 17. Qxb5 cxb5 18. a4 bxa4 19. Rxa4 Rd7
20. Rc1 Nf6 21. Rc8+ Rd8 22. Rxd8+ Bxd8 23. Nd6+ Ke7 24. Nf5+ Ke6 25. Nxg7+
Kd5 26. Rxa7 Bb6 27. Rb7 Kc6 28. Re7 Ra8 29. Nf5 Ra2 30. Bg5 Ra1+ 31. Kh2
d3 32. Rxf7 Ne4 33. Be3 d2 34. Bxd2 Nxd2 35. Rf6+ Kb5 36. Nd6+ Kb4 37. g3
Bc5 38. Kg2 Ra2 39. Rf4+ Kb3 40. Ne4 Nxe4 41. Rxe4 Rxb2 42. Rf4 Kc3 43. g4
Be7 44. Rf3+ Kd4 45. Kg3 h6 46. h4 Rb1 47. Rf7 Bd6+ 48. Kg2 Ke4 49. Rh7 Bf4
50. Re7+ Be5 51. Rf7 Rb6 52. Rf5 Bf4 53. Rf8 Rg6 54. f3+ Ke3 55. Re8+ Kd3
56. Rf8 Bc7 57. Rf7 Rc6 58. Rd7+ Bd6 59. g5 hxg5 60. hxg5 Ke3 61. Kh3 Kxf3
62. Kh4 Bf4 63. Kh5 Rc5 64. Rg7 Kg3 65. Rg8 Ra5 66. Rg6 Ra1 67. Rh6 Ra5 68.
Rg6 Kf3 69. Rg8 Re5 70. Rg6 Ke4 71. Kg4 Be3 72. Rg8 Kd5 73. Rg6 Bc1 74. Kh5
Re1 75. Rb6 Rh1+ 76. Kg6 Rg1 77. Rb5+ Ke4 78. Kf6 Rf1+ 79. Ke6 Bxg5 1/2-1/2

[Event "Open"]
[Site "Cappelle la Grande FRA"]
[Date "2003.02.26"]
[Round "6"]
[White "Sandipan,C"]
[Black "Iljushin,A"]
[Result "0-1"]
[WhiteElo "2464"]
[BlackElo "2537"]
[EventDate "2003.02.22"]

1. e4 e6 2. d4 d5 3. e5 c5 4. c3 Nc6 5. Nf3 Bd7 6. Be2 cxd4 7. cxd4 Nge7 8.
Na3 Nf5 9. Nc2 Be7 10. Bd3 g6 11. Kf1 h5 12. g3 Qb6 13. h4 Na5 14. b3 Bb5
15. Bg5 Bxg5 16. hxg5 Kd7 17. Kg2 Bxd3 18. Qxd3 Rhc8 19. Ne3 Nc6 20. Nxf5
exf5 21. Rhc1 Nd8 22. b4 Ne6 23. Rc5 Rxc5 24. bxc5 Qc6 25. Rb1 b6 26. Qa6
Kc7 27. cxb6+ axb6 28. Qe2 Ra4 29. Qb2 Kb7 30. Rc1 Rc4 31. Rb1 f4 32. a3
fxg3 33. Kxg3 Ka6 34. Qd2 Rc3 35. a4 Ra3 36. Qb4 Rxa4 37. Qd6 Kb7 38. Qe7+
Qc7 39. Qe8 Ra3 40. Kg2 Ra8 41. Qb5 Qc6 42. Qb4 Ra2 43. Qe7+ Qc7 44. Qe8 h4
45. Nxh4 Nxd4 46. Rd1 Ra8 47. Qxa8+ Kxa8 48. Rxd4 Qc5 49. Nf3 Ka7 50. Kf1
Kb7 51. Ke2 b5 52. Kd3 Kb6 53. Nd2 Qa3+ 54. Kc2 Qc5+ 55. Kd3 b4 56. Rf4
Qc3+ 57. Ke2 Qxe5+ 58. Kf3 Kc5 59. Nb3+ Kd6 60. Kg4 Qe2+ 61. Kg3 Qd3+ 62.
Rf3 Qd1 63. Kg2 d4 64. Na5 Kd5 65. Rxf7 Qa4 66. Nb7 b3 0-1

[Event "Open"]
[Site "Cappelle la Grande FRA"]
[Date "2003.02.26"]
[Round "6"]
[White "Schlosser,P"]
[Black "Dziuba,M"]
[Result "1-0"]
[WhiteElo "2534"]
[BlackElo "2448"]
[EventDate "2003.02.22"]

1. d4 d5 2. c4 c6 3. Nf3 Nf6 4. e3 Bf5 5. Nc3 e6 6. Nh4 Bg4 7. Qb3 Qb6 8.
h3 Bh5 9. g4 Bg6 10. Nxg6 hxg6 11. g5 Ng8 12. c5 Qc7 13. e4 Nd7 14. exd5
exd5 15. Ne2 Ne7 16. Bf4 Qa5+ 17. Bd2 Qc7 18. Qg3 Rc8 19. h4 Nf5 20. Qxc7
Rxc7 21. Bf4 Rc8 22. Bg3 Be7 23. Bh3 Nf8 24. Nf4 Bd8 25. Kd2 Rc7 26. Kd3
Re7 27. Rae1 Ne6 28. Nxe6 Rxe6 29. b4 Kd7 30. Rxe6 fxe6 31. Re1 Be7 32. a4
a6 33. Bg4 Rf8 34. Rb1 Rb8 35. Be5 Rh8 36. b5 axb5 37. axb5 Rxh4 38. bxc6+
bxc6 39. Rb7+ Kd8 40. Bxf5 gxf5 41. f4 Rh3+ 42. Ke2 g6 43. Rc7 Ra3 44. Rxc6
Kd7 45. Rc7+ Kd8 46. Rb7 Ra8 47. Kd3 1-0

[Event "Open"]
[Site "Cappelle la Grande FRA"]
[Date "2003.02.26"]
[Round "6"]
[White "Staniszewski,Pi"]
[Black "Ionov,S"]
[Result "1/2-1/2"]
[WhiteElo "2449"]
[BlackElo "2531"]
[EventDate "2003.02.22"]

1. Nf3 Nf6 2. c4 e6 3. g3 a6 4. Bg2 b5 5. b3 c5 6. O-O Bb7 7. Nc3 Qb6 8. e3
Be7 9. Qe2 Ne4 10. Nxe4 Bxe4 11. Bb2 bxc4 12. Qxc4 Qb7 13. Qe2 O-O 14. d3
Qb5 15. Rfd1 Bb7 16. Qc2 Nc6 17. Qc4 Qb6 18. h4 f6 19. Rab1 a5 20. Ba1 Rab8
21. a3 Rf7 22. Nd2 Bf8 23. Qf4 d5 24. e4 Rd8 25. exd5 exd5 26. Re1 Bd6 27.
Qf5 Ne5 28. Qh5 g6 29. Qd1 Ba8 1/2-1/2

[Event "Open"]
[Site "Cappelle la Grande FRA"]
[Date "2003.02.26"]
[Round "6"]
[White "Raetsky,A"]
[Black "Hebden,M"]
[Result "1-0"]
[WhiteElo "2444"]
[BlackElo "2515"]
[EventDate "2003.02.22"]

1. d4 Nf6 2. c4 g6 3. Nc3 Bg7 4. e4 d6 5. Be2 O-O 6. Bg5 Na6 7. Nf3 c6 8.
O-O h6 9. Bh4 e5 10. d5 g5 11. Bg3 Nc5 12. Nd2 a5 13. b3 Bd7 14. a3 cxd5
15. cxd5 b5 16. b4 axb4 17. axb4 Na4 18. Nxa4 bxa4 19. f3 Bb5 20. Bf2 Qb8
21. Bc4 Rc8 22. Qe2 Bxc4 23. Nxc4 Qb5 24. Rfc1 Nd7 25. Qf1 Rcb8 26. Rcb1
Bf8 27. Na5 f5 28. Nc6 Rb7 29. Na5 Qxf1+ 30. Kxf1 Rb5 31. Ke2 Nf6 32. Kd3
Rc8 33. Ra2 Kf7 34. h3 h5 35. Be3 g4 36. hxg4 hxg4 37. Rbb2 Bg7 38. Rxa4
Nxd5 39. Nc4 fxe4+ 40. fxe4 Ke6 41. g3 Nf6 42. Ra7 Bf8 43. Na3 Rbb8 44. Bg5
Nxe4 45. Kxe4 d5+ 46. Kd3 Bxb4 47. Nc2 Bd6 48. Rxb8 Rxb8 49. Ra4 Rb3+ 50.
Ke2 d4 51. Nxd4+ exd4 52. Bf4 Re3+ 53. Bxe3 dxe3 54. Kxe3 Kd5 55. Rd4+ Ke6
56. Rxd6+ Kxd6 57. Kf4 Ke6 58. Kxg4 Kf7 59. Kf5 Kg7 60. Kg5 1-0

[Event "Open"]
[Site "Cappelle la Grande FRA"]
[Date "2003.02.26"]
[Round "6"]
[White "Pilgaard,K"]
[Black "Hauchard,A"]
[Result "1/2-1/2"]
[WhiteElo "2437"]
[BlackElo "2512"]
[EventDate "2003.02.22"]

1. e4 c6 2. d4 d5 3. exd5 cxd5 4. c4 Nf6 5. Nc3 Nc6 6. Nf3 Bg4 7. cxd5 Nxd5
8. Qb3 Bxf3 9. gxf3 e6 10. Qxb7 Nxd4 11. Bb5+ Nxb5 12. Qc6+ Ke7 13. Qxb5
Qd7 14. Nxd5+ Qxd5 15. Bg5+ f6 16. Qxd5 exd5 17. Be3 Ke6 18. O-O-O Bb4 19.
Kb1 Rhd8 20. Rd3 a5 21. a3 Bf8 22. Re1 Rd7 23. h3 Kf5 24. Red1 Ke6 25. Re1
Kf5 26. Red1 1/2-1/2

[Event "Open"]
[Site "Cappelle la Grande FRA"]
[Date "2003.02.26"]
[Round "6"]
[White "Shneider,A"]
[Black "Sergeev,V"]
[Result "1/2-1/2"]
[WhiteElo "2511"]
[BlackElo "2308"]
[EventDate "2003.02.22"]

1. d4 Nf6 2. c4 c6 3. Nc3 d5 4. e3 Bf5 5. cxd5 cxd5 6. Qb3 Bc8 7. Nf3 e6 8.
Bd3 Nc6 9. Bd2 Bd6 10. h3 O-O 11. O-O Rb8 12. Rac1 Bd7 13. Nb1 Be7 14. Ne1
Be8 15. f4 Ne4 16. Be2 f6 1/2-1/2

[Event "Open"]
[Site "Cappelle la Grande FRA"]
[Date "2003.02.26"]
[Round "6"]
[White "Komljenovic,D"]
[Black "Totsky,L"]
[Result "1-0"]
[WhiteElo "2431"]
[BlackElo "2511"]
[EventDate "2003.02.22"]

1. d4 e6 2. c4 b6 3. Nf3 Bb7 4. g3 Bb4+ 5. Bd2 Bxf3 6. exf3 Bxd2+ 7. Nxd2
d5 8. Rc1 Ne7 9. f4 Nbc6 10. Bg2 O-O 11. cxd5 Nb4 12. Nf3 Nbxd5 13. O-O Qd6
14. a3 a5 15. Rc4 Rfb8 16. Qc2 h6 17. Rc1 b5 18. Rc5 b4 19. Ne5 bxa3 20.
bxa3 c6 21. f5 Ra6 22. fxe6 Qxe6 23. Qd2 Qd6 24. Nc4 Qd7 25. Rxa5 Qa7 26.
Rxa6 Qxa6 27. Qa5 Qb5 28. Be4 Rc8 29. Qd2 Rd8 30. Qa5 Rc8 31. a4 Qxa5 32.
Nxa5 Ra8 33. Rc5 Nc3 34. Rxc3 Rxa5 35. Bc2 Kf8 36. Rc5 Ra7 37. a5 Ke8 38.
Kg2 Kd7 39. Bb3 f6 40. Bc4 Kd6 41. Kf3 Nc8 42. Kg4 Rb7 43. Ba6 Rb4 44. Rc4
Rb8 45. Bxc8 Rxc8 46. Kf5 Rb8 47. Ra4 Kc7 48. a6 Rb5+ 49. Kg6 Kb8 50. Ra2
Rg5+ 51. Kf7 h5 52. Rc2 Kc7 53. Rc5 Kb6 54. Rxg5 fxg5 55. Kxg7 g4 56. Kg6
Kxa6 57. Kxh5 Kb5 58. Kxg4 Kc4 59. h4 1-0

[Event "Open"]
[Site "Cappelle la Grande FRA"]
[Date "2003.02.26"]
[Round "6"]
[White "Zontakh,A"]
[Black "Bobras,P"]
[Result "1/2-1/2"]
[WhiteElo "2508"]
[BlackElo "2441"]
[EventDate "2003.02.22"]

1. Nf3 Nf6 2. c4 g6 3. Nc3 Bg7 4. d4 d5 5. cxd5 Nxd5 6. e4 Nxc3 7. bxc3 c5
8. Be3 Qa5 9. Qd2 Nc6 10. Rc1 e6 11. d5 exd5 12. exd5 Ne7 13. Bg5 h6 14.
Bxe7 Kxe7 15. d6+ Kd8 16. Be2 Be6 17. O-O Qxa2 18. Rc2 Qb3 19. Rfc1 Re8 20.
Rb2 Qd5 21. Qf4 b6 22. Rd2 Qf5 23. Qa4 Bd7 24. Bb5 Re4 25. c4 Bxb5 26. Qxb5
Qd7 27. Qa6 Ke8 28. g3 Kf8 29. Rcd1 Kg8 30. h4 Rd8 31. Kg2 Bf6 32. Rd5 Kg7
33. R1d2 Rde8 34. Ra2 Ra8 35. Rad2 Rd8 36. Ra2 Qc6 37. Rad2 Rd7 38. Kf1 Re8
39. Kg2 Re6 40. R2d3 Rexd6 41. Rxd6 Rxd6 42. Rxd6 Qxd6 43. Qxa7 Qe6 44. Qa4
Qe4 45. Qb3 g5 46. hxg5 hxg5 47. Kf1 b5 48. cxb5 c4 49. Qd1 Qb7 50. Ne1
Qxb5 51. Nc2 Qc6 52. Ne3 Qe4 53. Ke2 Kg6 54. Qd6 c3 55. Qd3 Qxd3+ 56. Kxd3
Kh5 57. f3 Be5 58. Nf5 Kg6 59. Ne7+ Kf6 60. Nd5+ Ke6 61. Nxc3 Bxg3 62. Ne2
Be5 63. Ke3 Kf5 64. Kf2 Bf4 65. Nc3 Ke5 66. Ke2 Kd4 67. Ne4 f5 68. Nf2 Be3
69. Nd3 1/2-1/2

[Event "Open"]
[Site "Cappelle la Grande FRA"]
[Date "2003.02.26"]
[Round "6"]
[White "Luther,T"]
[Black "Marcelin,C"]
[Result "1/2-1/2"]
[WhiteElo "2575"]
[BlackElo "2503"]
[EventDate "2003.02.22"]

1. e4 e5 2. Nf3 Nc6 3. Bb5 Nf6 4. O-O Nxe4 5. d4 Nd6 6. Bxc6 dxc6 7. dxe5
Nf5 8. Qxd8+ Kxd8 9. Nc3 Be7 10. h3 Be6 11. g4 Nh4 12. Nxh4 Bxh4 13. f4 f5
14. exf6 Bxf6 15. Be3 Bxc3 16. bxc3 Ke7 17. f5 Bd5 18. c4 Bxc4 19. Rfd1
Rhe8 20. Bc5+ Kf6 21. Rd7 g6 22. Bd4+ Kg5 23. Rxh7 gxf5 24. Rh5+ Kf4 25.
Rxf5+ Kg3 26. Bf2+ Kxh3 27. Rh5+ Kxg4 28. Rh4+ Kf3 29. Rxc4 Rad8 30. Rc3+
Ke2 31. Re1+ Kd2 32. Rxe8 Rxe8 33. Rc4 a6 34. Bg3 Kc1 35. Bxc7 Re2 36. Bf4+
Kb1 37. Rb4+ Kxa2 38. Rxb7 Rxc2 39. Ra7 c5 40. Rxa6+ Kb3 41. Rc6 c4 1/2-1/2

[Event "Open"]
[Site "Cappelle la Grande FRA"]
[Date "2003.02.26"]
[Round "6"]
[White "Brodsky,M"]
[Black "Bagheri,A"]
[Result "1/2-1/2"]
[WhiteElo "2550"]
[BlackElo "2431"]
[EventDate "2003.02.22"]

1. e4 c6 2. d4 d5 3. Nc3 dxe4 4. Nxe4 Nd7 5. Nf3 Ngf6 6. Ng3 e6 7. Bd3 Be7
8. O-O O-O 9. a4 c5 10. a5 cxd4 11. Nxd4 Ne5 12. Be2 a6 13. c3 Bd7 14. Qb3
Qc8 15. Rd1 Nc6 16. Be3 Nd5 17. Nf1 Nxe3 18. Nxe3 Ne5 19. Nf3 Nxf3+ 20.
Bxf3 Bc6 21. Bxc6 Qxc6 22. Qa4 Rfd8 23. Qxc6 bxc6 24. Nc4 f6 25. Kf1 Kf7
26. Ke2 h5 27. h3 e5 28. g4 hxg4 29. hxg4 Ke6 30. Rh1 Rab8 31. Rh7 Kf7 32.
g5 Rh8 33. Rxh8 Rxh8 34. gxf6 gxf6 35. Rg1 1/2-1/2

[Event "Open"]
[Site "Cappelle la Grande FRA"]
[Date "2003.02.26"]
[Round "6"]
[White "Collutiis,D"]
[Black "Jakubiec,A"]
[Result "1-0"]
[WhiteElo "2325"]
[BlackElo "2532"]
[EventDate "2003.02.22"]

1. Nf3 f5 2. e4 fxe4 3. Ng5 Nf6 4. d3 e5 5. dxe4 Bc5 6. Bc4 Qe7 7. Bf7+ Kf8
8. Bb3 h6 9. Nf3 g5 10. Nc3 c6 11. h4 g4 12. Nh2 d6 13. Nf1 Bb4 14. Ng3 Na6
15. Bd2 Nc5 16. Nb1 Bxd2+ 17. Nxd2 Kg7 18. Qe2 Rf8 19. c3 b5 20. Bc2 d5 21.
b4 Na4 22. exd5 cxd5 23. Qxb5 Nb6 24. Bf5 Qc7 25. Rc1 e4 26. Bxc8 Raxc8 27.
O-O Qe5 28. Nb3 Nc4 29. Nd4 Kh8 30. Qa6 Rce8 31. Ngf5 Nd2 32. Qxa7 Nh5 33.
Nxh6 Qf4 34. Ndf5 Rxf5 35. Nxf5 Qxf5 36. Qd4+ Qf6 37. Qxd2 Nf4 38. g3 Nd3
39. Rc2 Re5 40. Qe3 Rf5 41. Qd4 Ne5 42. Kg2 Rf3 43. Qxd5 1-0

[Event "Open"]
[Site "Cappelle la Grande FRA"]
[Date "2003.02.26"]
[Round "6"]
[White "Teske,H"]
[Black "Murdzia,P"]
[Result "1-0"]
[WhiteElo "2531"]
[BlackElo "2418"]
[EventDate "2003.02.22"]

1. Nf3 c5 2. c4 g6 3. Nc3 Bg7 4. g3 Nc6 5. Bg2 d6 6. O-O e5 7. a3 a5 8. d3
Nge7 9. Bd2 O-O 10. Rb1 Rb8 11. Qc1 Kh8 12. Nb5 Bg4 13. b4 axb4 14. axb4
cxb4 15. Bxb4 Nxb4 16. Rxb4 Qd7 17. Qe3 Nc6 18. Rb3 d5 19. cxd5 Qxd5 20.
Nd2 Qe6 21. Rfb1 Rfd8 22. Nc4 h5 23. Nc3 Nd4 24. Rb6 Qe8 25. h3 Bf5 26.
Rxb7 Rxb7 27. Rxb7 Qe6 28. Ne4 Nc2 29. Qa7 Bxe4 30. Bxe4 Nd4 31. e3 Ne2+
32. Kg2 Kg8 33. Qa2 Nc1 34. Qa5 Rd7 35. Rb6 Qe7 36. Nb2 f5 37. Bc6 Rc7 38.
Qc3 Ne2 1-0

[Event "Open"]
[Site "Cappelle la Grande FRA"]
[Date "2003.02.26"]
[Round "6"]
[White "Hasangatin,R"]
[Black "Czarnota,P"]
[Result "1/2-1/2"]
[WhiteElo "2523"]
[BlackElo "2314"]
[EventDate "2003.02.22"]

1. d4 Nf6 2. Nc3 d5 3. Bg5 Nbd7 4. Nf3 g6 5. Ne5 c6 6. Nxd7 Bxd7 7. Bxf6
exf6 8. e3 f5 9. Bd3 Bd6 10. O-O Qc7 11. h3 Be6 12. Ne2 Qb6 13. b3 h5 14.
c4 Bb8 15. Qd2 Qc7 16. f4 O-O 17. c5 Qe7 18. b4 Re8 19. a4 1/2-1/2

[Event "Open"]
[Site "Cappelle la Grande FRA"]
[Date "2003.02.26"]
[Round "6"]
[White "Guliev,S"]
[Black "Tournier,Math"]
[Result "1-0"]
[WhiteElo "2513"]
[BlackElo "2119"]
[EventDate "2003.02.22"]

1. d4 d5 2. c4 c6 3. Nf3 Nf6 4. Nc3 e6 5. Bg5 h6 6. Bxf6 Qxf6 7. e3 g6 8.
Bd3 Qd8 9. O-O Bg7 10. a3 O-O 11. Rc1 Nd7 12. Qc2 b6 13. cxd5 exd5 14. e4
Bb7 15. exd5 c5 16. dxc5 Nxc5 17. Rfd1 Rc8 18. Bb5 Qd6 19. b4 Nd7 20. Bc6
Bxc6 21. Ne4 Qc7 22. dxc6 Ne5 23. Nxe5 Bxe5 24. Rd7 Bxh2+ 25. Kh1 Qe5 26.
Rd5 Qe6 27. Kxh2 f5 28. Nc3 Rxc6 29. Qd3 1-0

[Event "Open"]
[Site "Cappelle la Grande FRA"]
[Date "2003.02.26"]
[Round "6"]
[White "Makarov,M"]
[Black "Bogner,S"]
[Result "1-0"]
[WhiteElo "2512"]
[BlackElo "2046"]
[EventDate "2003.02.22"]

1. Nf3 Nf6 2. c4 c6 3. Nc3 d5 4. e3 Bf5 5. cxd5 cxd5 6. Qb3 Bc8 7. d4 e6 8.
Bd2 Nc6 9. Rc1 Bd6 10. Bd3 O-O 11. O-O Bd7 12. a3 Na5 13. Qd1 Rc8 14. Ne5
Nc4 15. Bxc4 dxc4 16. e4 Bxe5 17. dxe5 Ne8 18. Be3 Qc7 19. Bxa7 f6 20. exf6
Nxf6 21. Be3 Bc6 22. f3 Rcd8 23. Qe2 Rd3 24. Na2 b5 25. Nb4 Rdd8 26. b3 Qb7
27. bxc4 bxc4 28. Qxc4 Bd7 29. Qc7 Qa8 30. Nc6 Rc8 31. Ne7+ 1-0

[Event "Open"]
[Site "Cappelle la Grande FRA"]
[Date "2003.02.26"]
[Round "6"]
[White "Miraoui,K"]
[Black "Malakhatko,V"]
[Result "0-1"]
[WhiteElo "2066"]
[BlackElo "2512"]
[EventDate "2003.02.22"]

1. b3 d5 2. Bb2 Nf6 3. e3 Bg4 4. Be2 Bxe2 5. Qxe2 c6 6. f4 g6 7. Nf3 Bg7 8.
O-O O-O 9. d3 c5 10. Nbd2 Nc6 11. Ne5 Rc8 12. Nxc6 Rxc6 13. c4 Qd7 14. Rae1
Rd8 15. Nf3 Ra6 16. Ne5 Qe6 17. Ba1 Nd7 18. cxd5 Qxd5 19. e4 Qd6 20. Nc4
Qc7 21. Bxg7 Kxg7 22. f5 Ne5 23. Qb2 f6 24. Nxe5 Qxe5 25. Qc2 Rad6 26. Rf3
b6 27. Qd2 Qd4+ 28. Kf1 g5 29. Rh3 Qe5 30. Qe2 Rh8 31. Qh5 h6 32. Qg6+ Kf8
33. Rxh6 Rxh6 34. Qxh6+ Ke8 35. Qh5+ Kd7 36. Re3 Qa1+ 37. Kf2 Qxa2+ 38. Qe2
Qxe2+ 39. Kxe2 b5 40. Kf3 Rd4 41. g3 Rb4 42. h4 gxh4 43. gxh4 Rxb3 44. h5
Ke8 45. Kg2 Kf7 46. Rg3 c4 47. h6 Rxd3 48. Rg4 Rd2+ 49. Kg3 c3 50. Rg7+ Kf8
51. Rg6 Rd8 52. Kh4 c2 0-1

[Event "Open"]
[Site "Cappelle la Grande FRA"]
[Date "2003.02.26"]
[Round "6"]
[White "Timofeev,Ar"]
[Black "Ac,M"]
[Result "1-0"]
[WhiteElo "2592"]
[BlackElo "2246"]
[EventDate "2003.02.22"]

1. e4 e5 2. Nf3 Nc6 3. Bb5 a6 4. Ba4 Nf6 5. O-O Be7 6. Re1 b5 7. Bb3 O-O 8.
d3 d6 9. c3 h6 10. Nbd2 Re8 11. a4 Bb7 12. Nf1 Bf8 13. Ng3 Qd7 14. Nh4 Na5
15. Bc2 c5 16. Nhf5 d5 17. Qf3 dxe4 18. dxe4 Qe6 19. axb5 axb5 20. Ne3 Nb3
21. Rxa8 Bxa8 22. Nd5 Nxd5 23. Bxb3 c4 24. Bc2 Nf6 25. Nf5 Rd8 26. Qg3 Nxe4
27. Bxe4 Bxe4 28. Nxh6+ Kh7 29. Nxf7 Qxf7 30. Qh4+ 1-0

[Event "Open"]
[Site "Cappelle la Grande FRA"]
[Date "2003.02.26"]
[Round "6"]
[White "Hareux,H"]
[Black "Lalic,B"]
[Result "0-1"]
[WhiteElo "2246"]
[BlackElo "2547"]
[EventDate "2003.02.22"]

1. d4 Nf6 2. c4 g6 3. Nc3 Bg7 4. e4 d6 5. f3 O-O 6. Be3 a6 7. Nge2 c6 8. a4
a5 9. Nc1 Na6 10. Be2 Nd7 11. O-O e5 12. Qd2 exd4 13. Bxd4 Bxd4+ 14. Qxd4
Ndc5 15. Rb1 Qb6 16. Rd1 Be6 17. b3 Rad8 18. Qf2 f5 19. exf5 Bxf5 20. Bd3
Be6 21. Kf1 Qc7 22. Qg3 Nb4 23. Rb2 Qg7 24. Qe1 Bf7 25. Bb1 d5 26. cxd5
Nxd5 27. N1a2 Rde8 28. Re2 Rxe2 29. Nxe2 Ne3+ 0-1

[Event "Open"]
[Site "Cappelle la Grande FRA"]
[Date "2003.02.26"]
[Round "6"]
[White "Kveinys,A"]
[Black "Harasta,V"]
[Result "1-0"]
[WhiteElo "2541"]
[BlackElo "2199"]
[EventDate "2003.02.22"]

1. e4 e5 2. Nf3 Nc6 3. Bb5 Bc5 4. O-O Nge7 5. c3 Bb6 6. Na3 O-O 7. Nc4 d5
8. Nxb6 axb6 9. d3 Bg4 10. h3 Bh5 11. g4 Bg6 12. Qe2 f6 13. Nh4 Bf7 14. b4
Nb8 15. Qc2 c6 16. Ba4 Nd7 17. Be3 Re8 18. f3 Nf8 19. Bb3 Be6 20. a4 g5 21.
Ng2 d4 22. Bxe6+ Nxe6 23. cxd4 exd4 24. Bd2 h6 25. f4 Kg7 26. e5 fxe5 27.
f5 Nxf5 28. gxf5 Nf8 1-0

[Event "Open"]
[Site "Cappelle la Grande FRA"]
[Date "2003.02.26"]
[Round "6"]
[White "Bijaoui,M"]
[Black "Sulava,N"]
[Result "1/2-1/2"]
[WhiteElo "2197"]
[BlackElo "2535"]
[EventDate "2003.02.22"]

1. e4 g6 2. d4 Bg7 3. Nf3 d6 4. Be2 Nf6 5. Nc3 O-O 6. h3 a6 7. a4 e6 8. O-O
b6 9. e5 dxe5 10. Nxe5 Bb7 11. Bf3 Qc8 12. Qe2 Nbd7 13. Bf4 Nxe5 14. Bxe5
Nd7 15. Bxg7 Kxg7 16. Rad1 c6 17. Ne4 Qc7 18. c4 a5 19. Qe3 Rab8 20. Rfe1
Qd8 21. Qf4 Ba8 22. Nc3 Rc8 23. Qd6 Nf6 24. Qe5 Kg8 25. d5 exd5 26. cxd5
cxd5 27. Nxd5 Bxd5 28. Bxd5 Re8 29. Be6 Qe7 30. Bxc8 Qxe5 31. Rxe5 Rxe5 32.
Rd6 Re1+ 33. Kh2 Ne4 34. Rxb6 Nxf2 35. b4 axb4 36. Rxb4 Ra1 37. Bb7 Nd3 38.
Rd4 Ne5 1/2-1/2

[Event "Open"]
[Site "Cappelle la Grande FRA"]
[Date "2003.02.26"]
[Round "6"]
[White "Pushkov,N"]
[Black "Meynard,T"]
[Result "0-1"]
[WhiteElo "2532"]
[BlackElo "2194"]
[EventDate "2003.02.22"]

1. d4 d5 2. Nf3 Nf6 3. c4 c6 4. e3 a6 5. Nc3 g6 6. Bd3 b5 7. cxd5 cxd5 8.
Ne5 Bg7 9. O-O O-O 10. Bd2 Bb7 11. f4 Nbd7 12. Qf3 Nb6 13. Be1 Nc8 14. b4
Nd6 15. a4 Nfe4 16. axb5 Nxc3 17. Bxc3 axb5 18. Ra5 Qc7 19. Be1 f6 20. Ng4
e5 21. dxe5 fxe5 22. Qh3 e4 23. Bb1 Rad8 24. Bh4 Rfe8 25. Bg5 Bc8 26. Bh6
Bxg4 0-1

[Event "Open"]
[Site "Cappelle la Grande FRA"]
[Date "2003.02.26"]
[Round "6"]
[White "Turov,M"]
[Black "Cappon,J"]
[Result "1-0"]
[WhiteElo "2525"]
[BlackElo "2193"]
[EventDate "2003.02.22"]

1. e4 c5 2. Nf3 e6 3. d3 Nc6 4. g3 g6 5. Bg5 Qb6 6. Nbd2 d5 7. Bg2 h6 8.
Be3 Bg7 9. exd5 exd5 10. Nb3 d4 11. Bf4 Be6 12. Nfd2 Nf6 13. O-O Rd8 14.
Re1 O-O 15. Rxe6 fxe6 16. Nc4 Qa6 17. Nxc5 Qb5 18. Nxe6 1-0